000 02450cam a2200229 4500500
005 20260308003215.0
041 _afre
042 _adc
100 1 0 _aFélix Sánchez Martínez, César
_eauthor
245 0 0 _aUna historia de dos izquierdas. El MIR y el MAS entre el origen y el colapso de la « democracia pactada » boliviana (1985-2006)
260 _c2024.
500 _a30
520 _aEn este artículo se estudia la aparición, auge y colapso de la inédita experiencia de democracia liberal partitocrática en Bolivia (1985-2006), a través de la trayectoria de dos movimientos autoidentificados como izquierdistas, el Movimiento de Izquierda Revolucionaria (1971), de Jaime Paz Zamora, última y más grande manifestación de la «izquierda patricia» boliviana, y el Movimiento al Socialismo (1997), de Evo Morales, vehículo político de la renacida oposición sindical rural al sistema vigente. También se exploran las causas de su colapso ; a saber : el crecimiento de las expectativas y el malestar de los sectores urbanos ; la reactivación de la tradición sindical militante, en una versión más dinámica y mejor organizada, y, en el plano de la cultura política, la difusión y generalización del katarismo y sus variaciones indianistas.
520 _aIn this article, the emergence, rise, and collapse of the unprecedented experience of liberal partocratic democracy in Bolivia (1985-2006) are studied through the trajectory of two self-identified leftist movements, the Revolutionary Left Movement (1971), led by Jaime Paz Zamora, the last and largest manifestation of Bolivian "patrician leftism," and the Movement for Socialism (1997), led by Evo Morales, the political vehicle of the revived rural union opposition to the political establishment. The causes of its collapse are also explored, namely: the growth of expectations and discontent among urban sectors; the reactivation of militant union tradition, in a more dynamic and better organized version, and, in terms of political culture, the diffusion and generalization of Katarism and its Indianist variations.
690 _aBolivia
690 _aEvo Morales
690 _aJaime Paz Zamora
690 _aMovement for Socialism
690 _aRevolutionary Left Movement
786 0 _nAraucaria | 56 | 2 | 2024-08-13 | p. 361-383 | 1575-6823
856 4 1 _uhttps://shs.cairn.info/revue-araucaria-2024-2-page-361?lang=es&redirect-ssocas=7080
999 _c1677722
_d1677722